taylor swift best songs ever - Statistics

General Stats
  • This quiz has been taken 13 times
  • The average score is 8 of 39
Answer Stats
Answer % Correct
look what you made me do
73%
dont blame me
64%
love story
64%
i bet you think about me
55%
shake it off
55%
champagne problems
45%
haunted
36%
ready for it
36%
tim mcgraw
36%
daylight
27%
enchanted
27%
lavender haze
27%
mastermind
27%
shouldve said no
27%
teardrops on my guitar
27%
the man
27%
wildest dreams
27%
bad blood
18%
out of the woods
18%
vigilante shit
18%
all you had to do was stay
9%
i knew you were trouble
9%
illicit affairs
9%
invisible string
9%
mad women
9%
miss americana and the heartbreak prince
9%
new romantics
9%
nothing new
9%
this is me trying
9%
your on youre own kid
9%
false god
0%
fifteen
0%
fresh out the slammer
0%
marjorie
0%
snow on the beach
0%
soon youll get better
0%
tell me why
0%
the last great american dynsaty
0%
the prophecy
0%
No matching quizzes found
Score Distribution
Percent of People with Each Score
Percentile by Number Answered
Your Score History
You have not taken this quiz